Statistics for Bus systems in VAG cars

Click here to take the quiz!

General Stats

  • This quiz has been taken 10 times
  • The average score is 3 of 7

Answer Stats

Bus systemData transfer rate% Correct
CAN500 kbps
100%
Ethernet100 Mbps
80%
LIN20 kbps
40%
MOST150 Mbps
40%
FlexRay10 Mbps
20%
LVDS200 Mbps
20%
Sub-Bus System500 kbps, 1 Mbps
20%

Score Distribution

Percentile by Number Answered

Percent of People with Each Score

Your Score History

You have not taken this quiz